00429nam a2200157Ia 4500003000400000008004100004040001600045082001300061100002400074245006900098260003200167300001000199490002500209650001500234650002200249GCL140319s9999 xx 000 0 eng d aGCL / cGCL04a843bL D1 aLEVY, BERNARD HENRI10aLES DERNIERS JOURS DE CHARLES BAUDELAIRE / cLEVY, BERNARD HENRI a[S.N] : bGRASSET ، c1992 a405 P aLE LIVRE DE POCHEv004aLITERATURE04aFRENCH LITERATURE